|
|
|
|
| LEADER |
00000nam0a2200000 4500 |
| 001 |
82832 |
| 005 |
20231101213244.0 |
| 020 |
|
|
|a RU
|b 85-59743
|
| 035 |
|
|
|a (RuTPU)RU\TPU\book\89025
|
| 035 |
|
|
|a RU\TPU\book\86905
|
| 090 |
|
|
|a 82832
|
| 100 |
|
|
|a 20051007d1970 m y0rusy5003 ca
|
| 101 |
1 |
|
|a rus
|c fre
|
| 102 |
|
|
|a RU
|
| 105 |
|
|
|a a z 000ay
|
| 200 |
1 |
|
|a Планета людей
|e сборник: пер. с фр.
|f А. Сент-Экзюпери
|
| 210 |
|
|
|a Москва
|c Молодая гвардия
|d 1970
|
| 215 |
|
|
|a 352 с.
|c ил.
|
| 225 |
1 |
|
|a Тебе в дорогу, романтик
|
| 333 |
|
|
|a Исключено из фонда НТБ ТПУ
|
| 700 |
|
1 |
|a Сент-Экзюпери
|b А.
|c франзузский писатель
|f 1900-1944
|g Антуан
|9 1197
|
| 801 |
|
0 |
|a RU
|b RuMRKP
|c 19950704
|g psbo
|
| 801 |
|
1 |
|a RU
|b 63413507
|c 20050913
|g PSBO
|
| 801 |
|
2 |
|a RU
|b 63413507
|c 20210111
|g PSBO
|
| 942 |
|
|
|c BK
|